000 00295nam a22001337a 4500
008 170324b xxu||||| |||| 00| 0 eng d
020 _a0495388432
041 _aeng
080 _28TH
_a615.82
100 _a8
101 _aSHM
245 _aFITNESS AND WELLNESS
_cHOEGER, W.W.K
942 _2udc
_cBK
999 _c8589
_d8589